| 000 | 00642nam a2200217 a 4500 | ||
|---|---|---|---|
| 001 | 911 | ||
| 003 | CDMR | ||
| 005 | 20131125133024.0 | ||
| 008 | 130130s2003||||||||||||||||||||||||||||d | ||
| 020 | _a8497672410 | ||
| 040 |
_aCDMR _bcat _cCDMR |
||
| 100 | 1 |
_aCarrillo, Marc _9335 |
|
| 245 | 1 | 3 |
_aEl derecho a no ser molestado _b: información y vida privada _cMarc Carrillo |
| 260 |
_aNavarra _bAranzadi _c2003 |
||
| 300 | _a172 p. | ||
| 490 | 0 | _aDivulgación Jurídica | |
| 650 | 0 | 4 |
_9709 _aDret a la intimitat |
| 650 | 0 | 4 |
_91574 _aLlibertat d'informació |
| 650 | 0 | 4 |
_93370 _aMitjans de comunicació de massa _xDret i legislació |
| 942 |
_cMON _2udc |
||
| 999 |
_c911 _d911 |
||